Регионална библиотека "Любен Каравелов" - Русе

Das Lied von der Erde [CD Audio] | Ich bin der Welt abhanden gekommen (Запис номер 218661)

MARC детайли
000 -Лидер
Контролно поле с фиксирана дължина 01760njm a2200457 c 4500
003 - Код на организацията, давaща контролен номер
Контролно поле BLK
005 - Дата и час на последна редакция
Контролно поле 20250130004035.0
008 - Елементи от данни с фиксирана дължина
fixed length control field 180410b bul||n||s|||||||| n|bulo|
010 ## - Наследен системен номер
LC control number CDD00001162000
040 ## - Източник на каталожния запис
Идентификатор на билиотеката - собственик на записа BLK
041 ## - Код за език
Код за езика на текст/звукозапис или на отделно заглавие Немски
Код за езика КДБФ Немски
Други езици Английски
080 ## - УДК
Текстов определител УДК Симфонии
УДК код - определител по УДК 785.082.1
УДК определител
УДК - код + определител 785.082.1
080 ## - УДК
Текстов определител УДК Мецосопран
УДК код - определител по УДК 78.087.612.2
УДК определител
УДК - код + определител 78.087.612.2
080 ## - УДК
Текстов определител УДК Тенор - мъжки певчески глас
УДК код - определител по УДК 78.087.613.1
УДК определител
УДК - код + определител 78.087.613.1
100 1# - Редна дума - Автор
Автор Mahler, Gustav
R(LIN) 17569
139 ## - Редно поле
Редна дума Mahler, Gustav
Авторски знак Mah - M 18
245 10 - Сведения за заглавието
Заглавие Das Lied von der Erde [CD Audio]
Редно поле (дума) Gustav Mahler; * П. Бахметьев; мецосопран Kerstin Thorborg; тенор Charles Kullman; Wiener Philarmoniker; диригент Bruno Walter.
245 10 - Сведения за заглавието
Заглавие Ich bin der Welt abhanden gekommen
Подзаглавни данни aus Ruckert-Lieder
Редно поле (дума) Nr.4
246 11 - Различни форми на заглавието
Паралелно заглавие Песен за земята : Симфония
257 ## - Страна на издаване
Страна на създаване/издаване Германия
260 ## - Област на издателските данни
-- Koln
Име на издателя, разпространителя и проч. EMI Classics
Година на издаване 1992
300 ## - Физическа характеристика
Размери/Мащаб 12 см. Stereo
Тип мерна единица бр. в к-т
Количество на мерната единица 1 CD
306 ## - Продължителност на изпълнението
Времетраене 63 мин., 52 сек.
380 ## - Жанр
Жанр Изкуство
650 #4 - Допълнително описание по предмет – тема
Основно описание – тема или топоним Симфонии
9 (RLIN) 170960
650 #7 - Допълнително описание по предмет – тема
Основно описание – тема или топоним Вокално-инструментални творби
Източник на редна или ключова дума
9 (RLIN) 151228
653 ## - Ключова дума – ненормативна
Ключова дума симфонии
653 ## - Ключова дума – ненормативна
Ключова дума мецосопрани
653 ## - Ключова дума – ненормативна
Ключова дума тенори
700 1# - Други автори (авторска отговорност)
Лично име Бахметьев, П.
Автороска отговорност (Описва отношението между автора и произведението) *
9 (RLIN) 387511
700 1# - Други автори (авторска отговорност)
Лично име Thorborg, Kerstin
Автороска отговорност (Описва отношението между автора и произведението) мецосопран
9 (RLIN) 26215
700 1# - Други автори (авторска отговорност)
Лично име Kullman, Charles
Автороска отговорност (Описва отношението между автора и произведението) тенор
9 (RLIN) 16138
700 1# - Други автори (авторска отговорност)
Лично име Wiener Philarmoniker
9 (RLIN) 387498
700 1# - Други автори (авторска отговорност)
Лично име Walter, Bruno
Автороска отговорност (Описва отношението между автора и произведението) диригент
9 (RLIN) 354162
852 ## - Местоположение
Форматна сигнатура Цб CD 1329
Част 0
856 4# - Електронен адрес и достъп
Електронен формат pdf - файл
Път до файла /url/
856 4# - Електронен адрес и достъп
Електронен формат pdf - файл
Път до файла /url/
942 ## - АРТИКУЛИ
Вид на библиотечния материал Компактдискове
Скрит в OPAC Не
944 ## - СЪЗДАВАНЕ И РЕДАКЦИЯ на ЗАПИСА
Създаване/Редакция Създаване
Дата на регистрацията/редакция 20.08.2010
Служител, извършил регистрацията/редакцията
Статус, дата на статуса CRON CRON
944 ## - СЪЗДАВАНЕ И РЕДАКЦИЯ на ЗАПИСА
Създаване/Редакция Редакция
Дата на регистрацията/редакция 02.11.2010
Служител, извършил регистрацията/редакцията
999 ## - СИСТЕМНИ КОНТРОЛНИ НОМЕРА
Koha biblionumber 218661
Koha biblioitemnumber 218661
Наличности
Код за отписване Код за изгубен артикул Източник на класификационната схема Код за повреда Коз за рестрикции Код за отдаване Артикулен № Име на библиотеката - собственик Име на библиотеката, в която се намира в момента Статус (Текущо местоположение) Дата на вписване в системата Местоположение - отдел Цена в лева Инвентарен номер Систематично азбучна сигнатура Баркод Номер на екземпляра Цена в евро Служебна бележка Служебен тип на артикула
  Не е изгубен Universal Decimal Classification Не е повреден без рестрикции заемане за дома 390047 Регионална библиотека "Любен Каравелов" Русе Регионална библиотека "Любен Каравелов" Русе Отдел Изкуство - подръчен фонд 2007-08-20 Отдел Изкуство - подръчен фонд 5.00 250000002418 785/M 18 G 250000002418 1 2.56 Дост: DA Вид: А N: 9 Дата: 20.08.2007 Съставил: Валя_Йорданова Компактдискове
Vip Innovations Ltd, Rousse, Bulgaria 2025